Рассказы о храбрости; Храбрость; Дяденька; Николай Исаич Пушкин; Механик Салерно; Компас; "Погибель"

গ্রন্থ-পঞ্জীর বিবরন
প্রধান লেখক: Житков Б. М. Борис Михайлович
অন্যান্য লেখক: Тризна Ю. С. (иллюстратор)
ভাষা:রুশ
প্রকাশিত: Ленинград, Детская литература, 1990
TOC:Храбрость; Дяденька; Николай Исаич Пушкин; Механик Салерно; Компас; "Погибель";
মালা:Школьная библиотека Для начальной школы
বিষয়গুলি:
বিন্যাস: MixedMaterials গ্রন্থ
KOHA link:https://koha.lib.tpu.ru/cgi-bin/koha/opac-detail.pl?biblionumber=154212

MARC

LEADER 00000nam0a2200000 4500
001 154212
005 20231101221740.0
010 |a 5080002212 
020 |a RU  |b 90-33070 
035 |a (RuTPU)RU\TPU\book\167273 
090 |a 154212 
100 |a 20090224d1990 c y0rusy5003 ca 
101 0 |a rus 
102 |a RU 
105 |a a z 000ay 
200 1 |a Рассказы о храбрости  |f Б. С. Житков  |g худож. Ю. С. Тризна 
210 |a Ленинград  |c Детская литература  |c Ленингр. отд-ние  |d 1990 
215 |a 110,[1] с.  |c ил.  |d 21 см 
225 1 |a Школьная библиотека  |a Для начальной школы 
464 |t Храбрость; Дяденька; Николай Исаич Пушкин; Механик Салерно; Компас; "Погибель"  |o рассказы 
610 1 |a детская литература 
610 1 |a рассказы 
675 |a Р2  |z rus 
700 1 |a Житков  |b Б. М.  |c российский биолог  |c профессор Московского университета (1919-1943)  |f 1872-1943  |g Борис Михайлович  |2 stltpush  |3 (RuTPU)RU\TPU\pers\23746  |4 070  |9 10427 
702 1 |a Тризна  |b Ю. С.  |4 440 
801 0 |a RU  |b RuMRKP  |c 19950417  |g psbo 
801 1 |a RU  |b 63413507  |c 20090224  |g PSBO 
801 2 |a RU  |b 63413507  |c 20180124  |g PSBO 
942 |c BK